La Familia en los estudios de población en América Latina: estado del conocimiento y necesidades de investigación /
Aquí se identifican cuatro líneas de investigación cuya revisión se aborda en este trabajo: la demografía formal de la familia y el hogar los estudios sobre estrategías familiares, la investigación sobre trabajo y familia, y los estudios sobre familia y género. . Se revisan los elementos teóricos-m...
Furkejuvvon:
| Váldodahkki: | |
|---|---|
| Materiálatiipa: | Texto |
| Fáttát: | |
| Fáddágilkorat: |
Lasit fáddágilkoriid
Eai fáddágilkorat, Lasit vuosttaš fáddágilkora!
|
MARC
| LEADER | 00000 a a2200000 04500 | ||
|---|---|---|---|
| 001 | 11749 | ||
| 003 | |||
| 040 | |||
| 100 | |a Acosta, Felix | ||
| 245 | |a La Familia en los estudios de población en América Latina: |b estado del conocimiento y necesidades de investigación / |c Felix Acosta | ||
| 520 | |a Aquí se identifican cuatro líneas de investigación cuya revisión se aborda en este trabajo: la demografía formal de la familia y el hogar |a los estudios sobre estrategías familiares, la investigación sobre trabajo y familia, y los estudios sobre familia y género. . Se revisan los elementos teóricos-metodológicos que distinguien a cada una de esas líneas |a se valoran los resultados más sobresalientes en América Latina, especialmente en México, y se identifican necesidaedes de investigación | ||
| 650 | |a FAMILIA | ||
| 650 | |a ESTRUCTURA DE LA FAMILIA | ||
| 650 | |a ANALISIS DEMOGRAFICO | ||
| 650 | |a RESULTADOS DE INVESTIGACION | ||
| 650 | |a NECESIDADES DE INVESTIGACION | ||
| 773 | |g volumen 9, número 37; páginas 9-50 | ||
| 999 | |c 37265 |d 37265 | ||
